Гербы государств-членов ООН - Statistics

General Stats
  • This quiz has been taken 9 times
  • The average score is 70 of 193
Answer Stats
Picture Answer % Correct
Мальта
88%
Республика Корея
88%
Австрия
75%
Беларусь
75%
Гондурас
75%
Греция
75%
Замбия
75%
Италия
75%
Кыргызстан
75%
Мали
75%
Никарагуа
75%
Палау
75%
Сальвадор
75%
Сербия
75%
Турция
75%
Филиппины
75%
Южный Судан
75%
Австралия
63%
Албания
63%
Ангола
63%
Босния и Герцеговина
63%
Буркина-Фасо
63%
Вьетнам
63%
Доминиканская Республика
63%
Испания
63%
Кабо-Верде
63%
Казахстан
63%
Камерун
63%
Корейская Народно-Демократическая Республика
63%
Коста-Рика
63%
Мавритания
63%
Мадагаскар
63%
Федеративные Штаты Микронезии
63%
Нигер
63%
Новая Зеландия
63%
Россия
63%
Самоа
63%
Сингапур
63%
Словакия
63%
Тувалу
63%
Туркменистан
63%
Узбекистан
63%
Хорватия
63%
Швейцария
63%
Эритрея
63%
Аргентина
50%
Бахрейн
50%
Болгария
50%
Бразилия
50%
Венгрия
50%
Германия
50%
Египет
50%
Израиль
50%
Ирак
50%
Иран
50%
Китай
50%
Кот-д’Ивуар
50%
Кувейт
50%
Ливан
50%
Маршалловы Острова
50%
Мозамбик
50%
Объединённые Арабские Эмираты
50%
Парагвай
50%
Польша
50%
Молдова
50%
Словения
50%
Соединённые Штаты Америки
50%
Тимор-Лешти
50%
Украина
50%
Уругвай
50%
Азербайджан
38%
Андорра
38%
Афганистан
38%
Венесуэла
38%
Грузия
38%
Ирландия
38%
Исландия
38%
Йемен
38%
Кения
38%
Кирибати
38%
Колумбия
38%
Коморские Острова
38%
Республика Конго
38%
Мальдивские Острова
38%
Марокко
38%
Мексика
38%
Монголия
38%
Намибия
38%
Непал
38%
Пакистан
38%
Панама
38%
Перу
38%
Португалия
38%
Руанда
38%
Сан-Марино
38%
Сомали
38%
Того
38%
Тонга
38%
Тунис
38%
Чехия
38%
Эквадор
38%
Алжир
25%
Антигуа и Барбуда
25%
Армения
25%
Белиз
25%
Бруней-Даруссалам
25%
Габон
25%
Гватемала
25%
Гвинея
25%
Катар
25%
Кипр
25%
Либерия
25%
Ливия
25%
Литва
25%
Мьянма
25%
Науру
25%
Танзания
25%
Румыния
25%
Сан-Томе и Принсипи
25%
Саудовская Аравия
25%
Соединенное Королевство Великобритании и Северной Ирландии
25%
Судан
25%
Таджикистан
25%
Тринидад и Тобаго
25%
Черногория
25%
Чили
25%
Эсватини
25%
Эфиопия
25%
Багамские Острова
13%
Бангладеш
13%
Барбадос
13%
Бельгия
13%
Бенин
13%
Боливия
13%
Ботсвана
13%
Бурунди
13%
Бутан
13%
Вануату
13%
Гаити
13%
Гайана
13%
Гамбия
13%
Гана
13%
Гвинея-Бисау
13%
Гренада
13%
Дания
13%
Демократическая Республика Конго
13%
Джибути
13%
Доминика
13%
Зимбабве
13%
Индия
13%
Индонезия
13%
Иордания
13%
Камбоджа
13%
Канада
13%
Куба
13%
Лаос
13%
Латвия
13%
Лесото
13%
Лихтенштейн
13%
Люксембург
13%
Маврикий
13%
Малави
13%
Малайзия
13%
Монако
13%
Нигерия
13%
Нидерланды
13%
Норвегия
13%
Оман
13%
Папуа — Новая Гвинея
13%
Северная Македония
13%
Сейшельские Острова
13%
Сенегал
13%
Сент-Винсент и Гренадины
13%
Сент-Китс и Невис
13%
Сент-Люсия
13%
Сирия
13%
Соломоновы Острова
13%
Суринам
13%
Сьерра-Леоне
13%
Таиланд
13%
Уганда
13%
Фиджи
13%
Финляндия
13%
Франция
13%
Центральноафриканская Республика
13%
Чад
13%
Швеция
13%
Шри-Ланка
13%
Экваториальная Гвинея
13%
Эстония
13%
Южно-Африканская Республика
13%
Ямайка
13%
Япония
13%
No matching quizzes found
Score Distribution
Percent of People with Each Score
Percentile by Number Answered
Your Score History
You have not taken this quiz